000 00441nam a22001697a 4500
005 20180327121148.0
008 160518b xxu||||| |||| 00| 0 eng d
020 _a81-259-0767-X
041 _aeng
082 _b2670
_a338.7
100 _aChidambaram K .and Alagappan, A.
_94242
245 _aBusiness Environment
260 _aNew Delhi
_bVikas Publishing House (P) Ltd.
_c2005
300 _a191
650 _aManagement
_9241
942 _cBK
999 _c970
_d970